000 00707nam a2200205Ia 4500
003 GCL
008 140319s9999 xx 000 0 ara d
040 _aGCL /
_cGCL
082 0 4 _a808.83
_bج ط
100 1 _aجوترى، ا . ب
245 1 0 _aالطريق الى الغرب : the way west (هدية من الاديب عبدالفتاح الجمل) /
_cجوترى، ا . ب
300 _a386 ص
490 _aكتب الجوائز العالمية
_v0
650 0 4 _aالادب
650 0 4 _aالقصص الانجليزية المترجمة
650 0 4 _aالادب العالمى
650 0 4 _aالادب العالمى المترجم
650 0 4 _aالقصة التاريخية
942 _2ddc
_cBK
999 _c39640
_d39640